[Event "Pardubice Czech op-A 30th"]
[Site "Pardubice"]
[Date "2019.07.25"]
[Round "7"]
[White "Frohberg, Marco"]
[Black "Piesik, Piotr"]
[Result "1/2-1/2"]
[WhiteElo "2227"]
[BlackElo "2421"]
[PlyCount "36"]
[EventDate "2019.07.19"]
[EventType "swiss"]
[EventRounds "9"]
[EventCountry "CZE"]
[SourceTitle "CBM 191"]
[Source "ChessBase"]
[SourceDate "2019.08.31"]
[SourceVersion "1"]
[SourceVersionDate "2019.08.31"]
[SourceQuality "1"]

1. e4 e6 2. d4 d5 3. exd5 exd5 4. Nf3 Nf6 5. Bd3 Bd6 6. Qe2+ Qe7 7. Qxe7+ Kxe7 8. 0-0 Re8 9. Bg5 h6 10. Re1+ Be6 11. Bh4 Nc6 12. c3 g5 13. Bg3 Nh5 14. Bxd6+ Kxd6 15. g3 Bh3 16. Na3 Ng7 17. Rxe8 Rxe8 18. Re1 Rxe1+ 1/2-1/2

[Event "Oberliga Nord N 1516"]
[Site "Germany"]
[Date "2016.02.21"]
[Round "7.8"]
[White "Frohberg, Marco"]
[Black "Ahmels, Volker"]
[Result "1-0"]
[WhiteElo "2186"]
[BlackElo "2225"]
[PlyCount "65"]
[EventDate "2015.09.20"]
[EventType "team-tourn"]
[EventRounds "9"]
[EventCountry "GER"]
[SourceTitle "EXT 2017"]
[Source "ChessBase"]
[SourceDate "2016.10.25"]
[SourceVersion "1"]
[SourceVersionDate "2016.10.25"]
[SourceQuality "1"]
[WhiteTeam "Luebeck"]
[BlackTeam "Eppendorf Johanneum"]
[WhiteTeamCountry "GER"]
[BlackTeamCountry "GER"]

1. c4 Nf6 2. Nc3 c6 3. d4 d5 4. Nf3 g6 5. cxd5 cxd5 6. Bf4 Nc6 7. e3 a6 8. h3 Bg7 9. Rc1 0-0 10. Be2 Ne4 11. 0-0 Nxc3 12. Rxc3 f6 13. Qb3 Kh8 14. Bg3 Ra7 15. Rfc1 Be6 16. Ne1 Bg8 17. Nd3 e5 18. Nb4 Ne7 19. Qd1 Nf5 20. Bh2 a5 21. Nc2 b6 22. Na3 Re7 23. Nb5 Rfe8 24. Bd3 exd4 25. Rc8 Qxc8 26. Rxc8 Rxc8 27. Bxf5 gxf5 28. Nxd4 Re4 29. Bf4 Bf8 30. Qh5 Bc5 31. Nxf5 Rxf4 32. exf4 d4 33. Qh6 1-0

[Event "Oberliga Nord N 1314"]
[Site "Germany"]
[Date "2014.01.19"]
[Round "5.8"]
[White "Frohberg, Marco"]
[Black "Boehm, Thomas1111"]
[Result "1/2-1/2"]
[WhiteElo "2181"]
[BlackElo "2153"]
[PlyCount "62"]
[EventDate "2013.10.13"]
[EventType "team-tourn"]
[EventRounds "9"]
[EventCountry "GER"]
[SourceTitle "EXT 2015"]
[Source "ChessBase"]
[SourceDate "2014.11.20"]
[SourceVersion "1"]
[SourceVersionDate "2014.11.20"]
[SourceQuality "1"]
[WhiteTeam "Luebeck II"]
[BlackTeam "Kiel Turm"]
[WhiteTeamCountry "GER"]
[BlackTeamCountry "GER"]

1. e4 e5 2. Bc4 Nf6 3. d3 d5 4. exd5 Nxd5 5. Nc3 Be6 6. Qf3 Bb4 7. Bd2 c6 8. Qg3 0-0 9. Nf3 f6 10. 0-0 Bxc3 11. bxc3 Nd7 12. Rfe1 N7b6 13. Bb3 c5 14. Rab1 Rc8 15. Bxd5 Bxd5 16. c4 Bc6 17. Ba5 Ra8 18. Nd2 Qd7 19. Ne4 Bxe4 20. Rxe4 Nc8 21. Rh4 Ne7 22. Qf3 b6 23. Bd2 Rad8 24. Qe4 Qf5 25. Re1 Rd4 26. Qxf5 Nxf5 27. Rxd4 Nxd4 28. c3 Nc6 29. Kf1 Rd8 30. Ke2 Kf7 31. Ke3 f5 1/2-1/2

[Event "Oberliga Nord N 0506"]
[Site "Germany"]
[Date "2006.01.29"]
[Round "6.4"]
[White "Frohberg, Marco"]
[Black "Hein, Ralf"]
[Result "1/2-1/2"]
[WhiteElo "2204"]
[BlackElo "2155"]
[PlyCount "21"]
[EventDate "2005.10.23"]
[EventType "team-tourn"]
[EventRounds "9"]
[EventCountry "GER"]
[SourceTitle "EXT 2007"]
[Source "ChessBase"]
[SourceDate "2006.11.23"]
[SourceVersion "1"]
[SourceVersionDate "2006.11.23"]
[SourceQuality "1"]
[WhiteTeam "Luebeck II"]
[BlackTeam "Hamburg Diogenes"]
[WhiteTeamCountry "GER"]
[BlackTeamCountry "GER"]

1. e4 c5 2. a3 e5 3. Nc3 Nf6 4. Bc4 Nc6 5. d3 d6 6. Bg5 Be7 7. Nge2 0-0 8. Ng3 a6 9. Bxf6 Bxf6 10. 0-0 Nd4 11. Bd5 1/2-1/2

[Event "Oberliga Nord N 0506"]
[Site "Germany"]
[Date "2005.12.11"]
[Round "4.4"]
[White "Frohberg, Marco"]
[Black "Hamann, Carsten"]
[Result "1-0"]
[WhiteElo "2204"]
[BlackElo "2202"]
[PlyCount "91"]
[EventDate "2005.10.23"]
[EventType "team-tourn"]
[EventRounds "9"]
[EventCountry "GER"]
[SourceTitle "EXT 2007"]
[Source "ChessBase"]
[SourceDate "2006.11.23"]
[SourceVersion "1"]
[SourceVersionDate "2006.11.23"]
[SourceQuality "1"]
[WhiteTeam "Luebeck II"]
[BlackTeam "Kiel Meerbauer"]
[WhiteTeamCountry "GER"]
[BlackTeamCountry "GER"]

1. e4 e6 2. d3 d5 3. Nd2 Nf6 4. g3 Bc5 5. Bg2 a6 6. Nb3 Ba7 7. e5 Nfd7 8. Qg4 Kf8 9. Nf3 c5 10. 0-0 Nc6 11. Re1 h6 12. c3 f5 13. exf6 Nxf6 14. Qf4 Kf7 15. Qe3 Qd6 16. Qe2 Rf8 17. Bh3 Bd7 18. Bf4 Qe7 19. Be5 Kg8 20. Nh4 Qf7 21. Bd6 c4 22. Bxf8 Rxf8 23. dxc4 Ne4 24. c5 g5 25. Ng2 Ne5 26. f4 Bb5 27. Qd1 Nc4 28. a4 Bd7 29. Rxe4 dxe4 30. Qd4 b5 31. axb5 Bxb5 32. Qxe4 e5 33. f5 Nxb2 34. Nd2 Bxc5+ 35. Kh1 Nd3 36. Rf1 Qa2 37. f6 Kf7 38. Qb7+ Ke8 39. Qc8+ Kf7 40. Qc7+ Ke8 41. Bg4 Rxf6 42. Bh5+ Kf8 43. Rxf6+ Kg8 44. Rg6+ Kf8 45. Qg7+ Ke8 46. Rd6+ 1-0

[Event "BL2-Nord 0405"]
[Site "Germany"]
[Date "2004.10.24"]
[Round "1.7"]
[White "Frohberg, Marco"]
[Black "Mueller, Oliver"]
[Result "1/2-1/2"]
[WhiteElo "2204"]
[BlackElo "2260"]
[PlyCount "27"]
[EventDate "2004.10.24"]
[EventType "team-tourn"]
[EventRounds "9"]
[EventCountry "GER"]
[SourceTitle "EXT 2007"]
[Source "ChessBase"]
[SourceDate "2006.11.23"]
[SourceVersion "1"]
[SourceVersionDate "2006.11.23"]
[SourceQuality "1"]
[WhiteTeam "Luebeck"]
[BlackTeam "Werder Bremen II"]
[WhiteTeamCountry "GER"]
[BlackTeamCountry "GER"]

1. Nf3 Nf6 2. b3 g6 3. Bb2 Bg7 4. g3 0-0 5. Bg2 d6 6. d4 Nbd7 7. Nbd2 e5 8. dxe5 Ng4 9. Nc4 Ngxe5 10. Nfxe5 Nxe5 11. Nxe5 Bxe5 12. Bxe5 dxe5 13. 0-0 c6 14. Qxd8 1/2-1/2

[Event "Schleswig Holstein-ch M 59th"]
[Site "Buesum"]
[Date "2004.??.??"]
[Round "6"]
[White "Jochens, Arne"]
[Black "Frohberg, Marco"]
[Result "0-1"]
[WhiteElo "2212"]
[BlackElo "2222"]
[PlyCount "82"]
[EventDate "2004.??.??"]
[EventType "swiss"]
[EventRounds "9"]
[EventCountry "GER"]
[SourceTitle "EXT 2010"]
[Source "ChessBase"]
[SourceDate "2010.11.25"]
[SourceVersion "1"]
[SourceVersionDate "2010.11.25"]
[SourceQuality "1"]

1. c4 e5 2. g3 Nc6 3. Bg2 d6 4. Nc3 Be6 5. d3 Qd7 6. e4 g6 7. h3 Bg7 8. Nge2 Nge7 9. Nd5 h6 10. Rb1 Nd8 11. b4 c6 12. Nxe7 Qxe7 13. b5 Qd7 14. bxc6 bxc6 15. Ba3 0-0 16. 0-0 c5 17. Kh2 Nc6 18. Qa4 Rab8 19. f4 Nb4 20. Qxd7 Bxd7 21. Bxb4 cxb4 22. f5 Bf6 23. Rb2 a5 24. Rfb1 Kg7 25. h4 g5 26. Nc1 Rb6 27. a3 Rfb8 28. axb4 Rxb4 29. Rxb4 Rxb4 30. Ra1 a4 31. Kh3 gxh4 32. gxh4 Bd8 33. Na2 Rb3 34. Nc1 Rc3 35. Bf1 Bb6 36. Na2 Ra3 37. Rb1 Rb3 38. Rd1 Bd4 39. Rd2 a3 40. Kg3 Rb2 41. Rg2 Ba4 0-1

[Event "BL2-Nord 0203"]
[Site "Germany"]
[Date "2003.03.30"]
[Round "9.7"]
[White "Frohberg, Marco"]
[Black "Breutigam, Martin"]
[Result "0-1"]
[WhiteElo "2222"]
[BlackElo "2398"]
[PlyCount "82"]
[EventDate "2002.10.20"]
[EventType "team-tourn"]
[EventRounds "9"]
[EventCountry "GER"]
[SourceTitle "EXT 2004"]
[Source "ChessBase"]
[SourceDate "2003.11.25"]
[SourceVersion "1"]
[SourceVersionDate "2003.11.25"]
[SourceQuality "1"]
[WhiteTeam "Luebeck II"]
[BlackTeam "Bremer SG"]
[WhiteTeamCountry "GER"]
[BlackTeamCountry "GER"]

1. e4 e6 2. Nf3 d5 3. e5 c5 4. b4 cxb4 5. a3 d4 6. axb4 Bxb4 7. c3 dxc3 8. Qa4+ Nc6 9. dxc3 Be7 10. Nbd2 Nh6 11. Ne4 Bd7 12. Bxh6 gxh6 13. Rd1 Qa5 14. Qxa5 Nxa5 15. Nd4 a6 16. Be2 Nc6 17. f4 Nxd4 18. Rxd4 Bc6 19. 0-0 Rd8 20. Nd6+ Bxd6 21. exd6 Kd7 22. Bh5 Rhf8 23. Re1 f5 24. g3 a5 25. Bd1 Rf6 26. Re5 Ra8 27. Bb3 a4 28. Ba2 a3 29. Kf2 Ra6 30. Re2 Be4 31. Bb3 Rxd6 32. Rxd6+ Kxd6 33. Ra2 Rf7 34. Rxa3 Rc7 35. Bd1 Rc6 36. Bf3 Bxf3 37. Kxf3 Kd5 38. Ke3 Kc4 39. Kd2 Ra6 40. Rxa6 bxa6 41. Kc2 h5 0-1

[Event "BL2-Nord 0203"]
[Site "Germany"]
[Date "2003.02.09"]
[Round "6.8"]
[White "Frohberg, Marco"]
[Black "Hoffmann, Uwe"]
[Result "1-0"]
[WhiteElo "2222"]
[BlackElo "2044"]
[PlyCount "47"]
[EventDate "2002.10.20"]
[EventType "team-tourn"]
[EventRounds "9"]
[EventCountry "GER"]
[SourceTitle "EXT 2004"]
[Source "ChessBase"]
[SourceDate "2003.11.25"]
[SourceVersion "1"]
[SourceVersionDate "2003.11.25"]
[SourceQuality "1"]
[WhiteTeam "Luebeck II"]
[BlackTeam "Magdeburg USC"]
[WhiteTeamCountry "GER"]
[BlackTeamCountry "GER"]

1. e4 c5 2. Nf3 Nc6 3. Bb5 d6 4. 0-0 Nf6 5. Re1 e6 6. e5 Ng4 7. Bxc6+ bxc6 8. exd6 Bxd6 9. h3 Nf6 10. d3 0-0 11. Nbd2 Ba6 12. b3 Rb8 13. Bb2 Nd5 14. Ne4 Be7 15. Ne5 Qc7 16. Ng4 f5 17. Be5 Qd8 18. c4 Nc7 19. Re3 fxe4 20. Rg3 Kh8 21. Bxg7+ Kxg7 22. Ne5+ Kh8 23. Qg4 Bf6 24. Qg8+ 1-0

[Event "BL2-Nord 0304"]
[Site "Germany"]
[Date "2003.??.??"]
[Round "?.7"]
[White "Bach, Matthias"]
[Black "Frohberg, Marco"]
[Result "1-0"]
[WhiteElo "2350"]
[BlackElo "2220"]
[PlyCount "117"]
[EventDate "2003.10.??"]
[EventType "team-tourn"]
[EventRounds "9"]
[EventCountry "GER"]
[SourceTitle "CBM 100 Extra"]
[Source "ChessBase"]
[SourceDate "2004.07.06"]
[SourceVersion "2"]
[SourceVersionDate "2004.07.06"]
[SourceQuality "1"]
[WhiteTeam "Hamburger SK II"]
[BlackTeam "Luebeck"]
[WhiteTeamCountry "GER"]
[BlackTeamCountry "GER"]

1. d4 c6 2. c4 d5 3. Nf3 e6 4. Nc3 f5 5. g4 fxg4 6. Ne5 Nf6 7. h3 g3 8. fxg3 Nbd7 9. Bf4 Nxe5 10. Bxe5 Bd6 11. e4 dxe4 12. Bg2 Bxe5 13. dxe5 Qxd1+ 14. Rxd1 Nd7 15. 0-0 e3 16. Rfe1 Nxe5 17. b3 Ke7 18. Rxe3 Nf7 19. Ne4 b6 20. h4 h6 21. Nf2 Bd7 22. Nd3 g5 23. h5 Rad8 24. Rde1 Rdf8 25. Bh3 Nd8 26. Ne5 Be8 27. Bg4 Rf6 28. Rd3 c5 29. Red1 Nc6 30. Ng6+ Rxg6 31. hxg6 Ne5 32. g7 Rg8 33. Bxe6 Rxg7 34. Re3 Kxe6 35. Rde1 Bd7 36. Rxe5+ Kd6 37. Rd5+ Kc6 38. a3 Rf7 39. b4 a6 40. Red1 Bg4 41. Rd6+ Kc7 42. R1d2 cxb4 43. axb4 h5 44. Rg6 Rf3 45. Kg2 Rc3 46. b5 axb5 47. cxb5 Rc5 48. Rg7+ Kb8 49. Rd8+ Bc8 50. Rdg8 g4 51. Rg5 Rc2+ 52. Kg1 Rc3 53. Kf2 Rc2+ 54. Ke1 Rb2 55. R5g6 Rc2 56. Rxb6+ Kc7 57. Rh6 Rc5 58. Rg7+ Kb8 59. b6 1-0

[Event "BL2-Nord 0304"]
[Site "Germany"]
[Date "2003.??.??"]
[Round "?.7"]
[White "Frohberg, Marco"]
[Black "Holzapfel, Daniel"]
[Result "1/2-1/2"]
[WhiteElo "2220"]
[BlackElo "2305"]
[PlyCount "22"]
[EventDate "2003.10.??"]
[EventType "team-tourn"]
[EventRounds "9"]
[EventCountry "GER"]
[SourceTitle "CBM 100 Extra"]
[Source "ChessBase"]
[SourceDate "2004.07.06"]
[SourceVersion "2"]
[SourceVersionDate "2004.07.06"]
[SourceQuality "1"]
[WhiteTeam "Luebeck"]
[BlackTeam "Kreuzberg"]
[WhiteTeamCountry "GER"]
[BlackTeamCountry "GER"]

1. e4 c6 2. d4 d5 3. exd5 cxd5 4. Bd3 Nc6 5. c3 Nf6 6. h3 g6 7. Nf3 Bf5 8. Bxf5 gxf5 9. 0-0 e6 10. Bg5 Be7 11. Bxf6 Bxf6 1/2-1/2

[Event "Schleswig Holstein-ch VM 57th"]
[Site "Ratzeburg"]
[Date "2002.10.17"]
[Round "7"]
[White "Werner, Thomas"]
[Black "Frohberg, Marco"]
[Result "1/2-1/2"]
[WhiteElo "2108"]
[BlackElo "2222"]
[PlyCount "26"]
[EventDate "2002.10.12"]
[EventType "swiss"]
[EventRounds "9"]
[EventCountry "GER"]
[SourceTitle "EXT 2010"]
[Source "ChessBase"]
[SourceDate "2010.11.25"]
[SourceVersion "1"]
[SourceVersionDate "2010.11.25"]
[SourceQuality "1"]

1. d4 c6 2. Nf3 d5 3. Nbd2 Nf6 4. e3 Bf5 5. Bd3 Bxd3 6. cxd3 e6 7. 0-0 Be7 8. e4 0-0 9. Re1 c5 10. dxc5 Bxc5 11. e5 Nfd7 12. d4 Bb4 13. a3 Be7 1/2-1/2

[Event "Schleswig Holstein-ch VM 57th"]
[Site "Ratzeburg"]
[Date "2002.10.15"]
[Round "5"]
[White "Michailow, Sergej"]
[Black "Frohberg, Marco"]
[Result "1/2-1/2"]
[WhiteElo "2179"]
[BlackElo "2222"]
[PlyCount "95"]
[EventDate "2002.10.12"]
[EventType "swiss"]
[EventRounds "9"]
[EventCountry "GER"]
[SourceTitle "EXT 2010"]
[Source "ChessBase"]
[SourceDate "2010.11.25"]
[SourceVersion "1"]
[SourceVersionDate "2010.11.25"]
[SourceQuality "1"]

1. e4 d5 2. Nc3 dxe4 3. Nxe4 Nf6 4. Nxf6+ exf6 5. d4 c5 6. d5 Bd6 7. Bb5+ Bd7 8. Qe2+ Qe7 9. Qxe7+ Kxe7 10. Bxd7 Nxd7 11. Be3 f5 12. Ne2 Nf6 13. Rd1 Rhe8 14. 0-0 Kd7 15. c4 Ng4 16. Nf4 Re4 17. Nh5 g6 18. h3 gxh5 19. hxg4 f4 20. Bd2 Rxc4 21. gxh5 Rg8 22. Bc3 Rg5 23. f3 Be5 24. Rfe1 f6 25. Re4 Rxe4 26. fxe4 Bxc3 27. bxc3 Re5 28. Kf2 Rxe4 29. Kf3 f5 30. d6 c4 31. h6 Re6 32. Rd4 Rxh6 33. Rxc4 Kxd6 34. Rxf4 Ke5 35. Ra4 Rc6 36. Ra5+ Kf6 37. Rxa7 Rxc3+ 38. Kf4 Rc4+ 39. Kf3 Rb4 40. a4 Kg5 41. a5 Rb3+ 42. Kf2 Kg4 43. a6 Rb2+ 44. Kf1 bxa6 45. Rxa6 h5 46. Ra4+ f4 47. Ra8 Kg3 48. Ra3+ 1/2-1/2